000
00310nam a22001457a 4500
003
SGT
020
_a
9789389354621
082
_a
628.5
_b
RAO
100
_a
RAO M.N
245
_a
SOLID AND HAZARDOUS WASTE MANAGEMENT
250
_a
2ND
260
_a
INDIA
_b
B.S PUB
_c
2023
300
_a
347
942
_2
ddc
_c
BK
999
_c
34495
_d
34495